00973nam a2200193 4500008004100000020002800041040004200069084002000111100002200131245016100153260007500314300003100389500005500420500010000475650004800575650004400623650004600667700006600713260521b2018 ||| |||g |||| 00| 0 eng d a9788120800236qhardback aUniversiti Teknologi BruneibengcUTB aPK3795 KAL 20181 aKalidasaeauthor.10aWorks of Kālidāsa : bvolume 1 : three plays /cedited with an exhaustive introduction, translation and critical and explanatory notes by C.R. Devadhar. a New Delhi :bMotilal Banarsidass Publishers,c1981 (reprinted 2015).  axxxii, 312 pages :c22 cm. aParallel text in Sanskrit and English translation. avolume 1: Three plays: Abhijñānaśākuntalam, Vikramorvaśīyam, Mālavikāgnimitram. 4aSanskrit drama vTranslations into English. 4aSanskrit drama xHistory and criticism. 4aKālidāsa vTranslations into English.1 aDevadhar, C. R. q(Chintaman Ramchandra)eeditor, translator.